Подробности
| 000 -МАРКЕР |
| контрольное поле |
01418nam2a2200301 4500 |
| 001 - ИДЕНТИФИКАТОР ЗАПИСИ |
| контрольное поле |
RU\NLR\bibl\1031241 |
| 005 - ИДЕНТИФИКАТОР ВЕРСИИ |
| контрольное поле |
20260405112526.0 |
| 010 ## - МЕЖДУНАРОДНЫЙ СТАНДАРТНЫЙ НОМЕР КНИГИ (ISBN) |
| Номер (ISBN) |
5-93776-059-X |
| Уточнения |
т. 48/2 |
| Тираж |
4500 |
| 021 ## - НОМЕР ГОСУДАРСТВЕННОЙ РЕГИСТРАЦИИ |
| Код страны |
Российская Федерация |
| Номер |
2006-74296 |
| Номер Листа государственной регистраци |
3757 |
| 035 ## - ДРУГИЕ СИСТЕМНЫЕ НОМЕРА |
| Идентификатор записи |
(NLR Aleph) 001018706 |
| 100 ## - ДАННЫЕ ОБЩЕЙ ОБРАБОТКИ |
| Данные общей обработки |
20070116d2006 |||y0rusy50 ca |
| 101 1# - ЯЗЫК РЕСУРСА |
| Язык текста, звукозаписи и т.д. |
русский |
| Язык оригинала |
английский |
| 102 ## - СТРАНА ПУБЛИКАЦИИ ИЛИ ПРОИЗВОДСТВА |
| Страна публикации |
Российская Федерация |
| 105 ## - ПОЛЕ КОДИРОВАННЫХ ДАННЫХ: ТЕКСТОВЫЕ МАТЕРИАЛЫ, МОНОГРАФИЧЕСКИЕ |
| Кодированные данные о монографическом текстовом документе |
y ||||||||| |
| 200 1# - ЗАГЛАВИЕ И СВЕДЕНИЯ ОБ ОТВЕТСТВЕННОСТИ |
| Основное заглавие |
Падающая звезда |
| Сведения, относящиеся к заглавию |
роман |
| Основное заглавие |
Джонни под землей |
| Сведения, относящиеся к заглавию |
роман |
| Основное заглавие |
Время снега и грехов |
| Сведения, относящиеся к заглавию |
роман |
| 210 ## - ПУБЛИКАЦИЯ, РАСПРОСТРАНЕНИЕ И ДР. |
| Дата издания, распространения и т.д. |
2006 |
| Место издания, распространения и т.д. |
Б. м. |
| 215 ## - ФИЗИЧЕСКАЯ ХАРАКТЕРИСТИКА |
| Специфическое обозначение материала и объем |
635,[3] с. |
| 225 1# - СЕРИЯ |
| Основное заглавие серии |
Детективный Клуб Агаты Кристи |
| Наименование части |
Патриция Мойз |
| 300 ## - ОБЩИЕ ПРИМЕЧАНИЯ |
| Текст примечания |
На обороте тит.л. предполагаемый авт.: Patricia Moyes, 1923 |
| 461 #0 - УРОВЕНЬ НАБОРА |
| Встроенное поле |
001RU\NLR\bibl\117513 |
| -- |
2001#$aСобрание сочинений$vТ. 48 |
| Системный номер (АБИС) связанной записи |
653890 |
| Автор |
Кристи, А. (1890-1976) |
| Место публикации |
М. |
| Дата публикации |
2000 |
| Первые сведения об ответственности |
Агата Кристи |
| Имя издателя, распространителя и т.д. |
Артикул-принт |
| Сведения, относящиеся к заглавию |
[К 100-летию со дня рождения] : Пер. с англ. |
| Заглавие |
Собрание сочинений |
| ISBN |
5-93776-001-8 |
| Номер тома |
Т. 48 |
| 686 ## - ИНДЕКСЫ ДРУГИХ КЛАССИФИКАЦИЙ |
| Индекс |
Ш6(4Вл)67-446(Мойз){Лх1299-60(Мойз)} |
| 702 #1 - ИМЯ ЛИЦА - ВТОРИЧНАЯ ОТВЕТСТВЕННОСТЬ |
| Код отношения |
Неподтвержденный автор |
| Материалы, к которым относится поле |
rus |
| Графика поля |
Кириллица |
| Начальный элемент ввода |
Мойз |
| Часть имени, кроме начального элемента ввода |
П. |
| Даты |
1923-2000 |
| Расширение инициалов личного имени |
Патриция |
| Идентификатор авторитетной/нормативной записи |
RU\NLR\auth\7743357 |
| Системный номер авторитетной/нормативной записи |
26300 |
| 801 #0 - ИСТОЧНИК ЗАПИСИ |
| Страна |
Российская Федерация |
| Организация |
NLR |
| Дата составления |
20070116 |
| Правила каталогизации |
RCR |
| 801 #1 - ИСТОЧНИК ЗАПИСИ |
| Страна |
Российская Федерация |
| Организация |
NLR |
| Дата составления |
20070116 |
| 942 ## - ДОПОЛНИТЕЛЬНЫЕ ЭЛЕМЕНТЫ ЗАПИСИ (АБИС) |
| Тип экземпляра АБИС |
Книга |
| 980 ## - КОЛЛЕКЦИЯ |
| Название коллекции |
Национальная библиография |